Balance laboral

Đã lưu trong:
Chi tiết về thư mục
Định dạng: Texto
Các nhãn: Thêm thẻ
Không có thẻ, Là người đầu tiên thẻ bản ghi này!

MARC

LEADER 00000 a a2200000 04500
001 5816
003
040
245 |a Balance laboral  
773 |g volumen 14, número 593; páginas 22-27  
999 |c 35836  |d 35836